00581nam a2200181Ia 4500003000900000008004100009020001800050040001600068080002100084100002800105245007700133260003800210300001100248650001900259942000700278999001700285952009700302IN-BaIIA211028s9999 xx 000 0 eng d a81-900461-3-6 cIIA Library a058(540)bMAT-01 aMathew, K. M. 911209 0aManorama year book 2001cK. M. Mathew  aKollayambMalayala Manoramac2001 a824 p. ayearbook93818 cBK c13998d13998 00104070aBANbBANcGENd0000-00-00l0o058(540)/MAT-01p14918r2021-11-05w0000-00-00yBK